01233nam a2200277 a 450000100100000000500170001000800410002702000140006804000250008210000490010724501510015626000720030730000170037949000330039650000320042950000460046150400720050750500430057950400320062270000370065470000380069171000610072983000400079095201080083099900170093800004128120201002034743.0130927s1984 sp 001 0 spa d a840019784 aDO-SdBNPbspacBNPHU1 aCasas, Bartolomé de las,d1474-156691993110aDe regia potestate, o, Derecho de autodeterminación /cBartolomé de las Cásas; edición crítica bilingüe Luciano Pereña ... [et al.]. aMadrid :bConsejo Superior de Investigaciones Científicas,c1984. av. ;c22 cm.1 aCorpus hispanotum de pacev8 aLa biblioteca posee el v. 8 aReimpresión 1984, corregida y aumentada aIncluye referencia bibliográficas y notas al pie de las páginas0 gv. 8tO derecho de autodeterminación aBibliografía : p. 381-3551 aPereña, Luciano,d1920-9336001 aPereña, Lucianod1920- .9336002 aConsejo Superior de Investigaciones Científicas,94786 0aCorpus hispanotum de pacen8967895 001050718MOaGRbGRcCTd2013-09-27iLF1l0ov. 8p41281-10r2020-06-25w2020-06-25y1ZNo se presta c40771d40771